<?xml version="1.0" encoding="UTF-8"?>
<marc:record xmlns:marc="http://www.loc.gov/MARC21/slim">
   <marc:leader>00000nam a2200000 a 4500</marc:leader>
   <marc:datafield ind1="1" ind2=" " tag="100">
      <marc:subfield code="a">Kirschner, Sabrina J.</marc:subfield>
      <marc:subfield code="4">aut</marc:subfield>
      <marc:subfield code="e">Verfasser/-in</marc:subfield>
   </marc:datafield>
   <marc:datafield ind1=" " ind2=" " tag="653">
      <marc:subfield code="a">Klasse-4</marc:subfield>
   </marc:datafield>
   <marc:datafield ind1=" " ind2=" " tag="653">
      <marc:subfield code="a">Antolin</marc:subfield>
   </marc:datafield>
   <marc:datafield ind1="0" ind2="0" tag="245">
      <marc:subfield code="a">Die unlangweiligste Schule der Welt 06</marc:subfield>
   </marc:datafield>
   <marc:datafield ind1="0" ind2="0" tag="245">
      <marc:subfield code="b">Geisterstunde</marc:subfield>
   </marc:datafield>
   <marc:datafield ind1=" " ind2="1" tag="264">
      <marc:subfield code="b">Ed. Comic Art im Carlsen-Verl.</marc:subfield>
      <marc:subfield code="c">2020</marc:subfield>
   </marc:datafield>
   <marc:datafield ind1="1" ind2=" " tag="490">
      <marc:subfield code="a">Die unlangweiligste Schule</marc:subfield>
   </marc:datafield>
   <marc:datafield ind1="1" ind2=" " tag="520">
      <marc:subfield code="a">BAND 6: In Maxes Schule spukt es! Ein kopfloses Gespenst treibt sein Unwesen. Die Klasse ist begeistert - nur Direktor Schnittlich nicht. Der will doch glatt die Schule schließen! Alle Kinder sollen auf die Streber-Schule gehen. Das müssen Maxe und Frieda unbedingt verhindern ...  DIE UNLANGWEILIGSTE SCHULE DER WELT: Du dachtest immer, deine Schule wäre langweilig? Da kennst du die Schule von Maxe wohl noch nicht: Kinder im Schlafkoma, über 777 Schulregeln und achtmal täglich Mathe. Gegen so viel Langeweile kann nur noch einer helfen: Inspektor Rumpus von der geheimnisvollen BfLb à</marc:subfield>
   </marc:datafield>
   <marc:datafield ind1=" " ind2=" " tag="020">
      <marc:subfield code="a">9783551653963</marc:subfield>
      <marc:subfield code="9">9783551653963</marc:subfield>
   </marc:datafield>
</marc:record>
